Name 47 of the Countries in Europe - Statistics

General Stats
  • This quiz has been taken 43 times
  • The average score is 32 of 47
Answers on the Map
Answers color-coded by a green-red scale on the quiz's map according to % correct below.
 
Answer Stats
Answer % Correct
Albania
79%
Austria
79%
France
79%
Cyprus
76%
Finland
76%
Germany
76%
Iceland
76%
Ireland
76%
Italy
76%
Norway
76%
Portugal
76%
Russia
76%
Sweden
76%
Vatican City
76%
Belarus
73%
Croatia
73%
Greece
73%
Netherlands
73%
Spain
73%
Turkey
73%
Andorra
70%
Czechia
70%
Denmark
70%
Hungary
70%
Luxembourg
70%
Malta
70%
Monaco
70%
Poland
70%
Switzerland
70%
United Kingdom
70%
Moldova
67%
Romania
67%
Serbia
67%
Ukraine
67%
Latvia
64%
Lithuania
64%
San Marino
64%
Slovenia
64%
Bulgaria
61%
Estonia
61%
Liechtenstein
61%
Kosovo
55%
Slovakia
55%
Montenegro
52%
Georgia
42%
Azerbaijan
36%
Kazakhstan
36%
No matching quizzes found
Score Distribution
Percent of People with Each Score
Percentile by Number Answered
Your Score History
You have not taken this quiz